000 02825nam a22003977a 4500
005 20090615153258.0
008 090512t xxu||||| |||| 00| 0 eng d
010 _aENG-94011
020 _a9788125036807
_c695.00
035 _aEN-77544
035 _aB-361509-515
037 _bDBAD / PUB
037 _bAakar Books
040 _adpl
_bEnglish
082 _a306.775095433
100 _aSreekumar, Sharmila
245 _aScripting lives:
_bnarratives of 'Dominant Women' in Kerala /
_cby Sharmila Sreekumar
260 _aNew Delhi
_bOrient Blackswan
_c2009
270 _a1/24, Asaf Ali Road,
_bNew Delhi
_e110002
300 _axiii, 312p.
_c22cm(Hb)
500 _aInclues bibliographical references and Index
500 _a Originally presented as the author’s thesis (Ph. D.)--University of Hyderabad.
650 _aWomen
_zIndia
_zKerala
_xSocial conditions.
650 _aFeminism
_zIndia
_zKerala
650 _aWomen in development
_zIndia
_zKerala
942 _2ddc
_cEN
_mSRE
_h306.775095433
999 _c27468
_d27468